| 000 | 00900nam a22002417a 4500 | ||
|---|---|---|---|
| 005 | 20240530110944.0 | ||
| 008 | 180310s2021 ua ad f b 000 0 ara d | ||
| 017 |
_a2020/28613 _bمصر. دار الكتب |
||
| 020 | _a9789778124941 | ||
| 040 |
_aEG-CaGPL _cEG-CaGPL |
||
| 082 | 0 | 4 |
_221 _a916.216 _bق/ج ق |
| 100 | 0 | _aجمال الدين حجازى | |
| 245 | 1 | 0 |
_aالقاهرة وشوارعها : _bمنشاتها - تاريخها - تطورها / _cاعداد جمال الدين حجازى . _nالجزء الاول |
| 250 | _aط.1 | ||
| 260 |
_aالقاهرة : _bالمكتب العربى للمعارف، _c2021 . |
||
| 300 |
_a312 ص. ؛ _c30 سم. |
||
| 650 | _2qrmak | ||
| 651 | 0 | 7 |
_2qrmak _aالقاهرة _xجغرافيا |
| 651 | 0 | 7 |
_2qrmak _aالقاهرة _xاحياء وضواحى |
| 651 | 0 | 7 | _2qrmak |
| 942 |
_2ddc _cBK |
||
| 999 |
_c66866 _d66866 |
||